| 000 | 00709nam a2200241 a 4500 | ||
|---|---|---|---|
| 999 |
_c114 _d114 |
||
| 001 | 114 | ||
| 003 | BD-JhCC | ||
| 005 | 20170928163335.0 | ||
| 008 | 170928r20042006 uka|||| |||| 000 0 eng d | ||
| 020 | _a0521605660 | ||
| 035 | _a(BD-JhCC)114 | ||
| 040 |
_aBD-JhCC _dBD-JhCC |
||
| 041 | _aeng | ||
| 082 |
_a428.007 _bMIC 2006 |
||
| 100 | _aMaccarthy, Michael. | ||
| 245 |
_aEnglish phrasal vervs in use / _cMichael Mccarthy and Felicity Odell |
||
| 260 |
_aCambridge : _bCambridge University Press, _c2006 [reprinted] |
||
| 300 |
_a206 p. : _bill. ; _c25 cm. |
||
| 650 | _xEnglish -- Phrasal verbs -- Problemas, ejercicios, etc. | ||
| 700 | _aOdell, Felicity. | ||
| 942 |
_2ddc _cBK |
||